Responses for show #3921 - Monday, September 24, 2001

2001 Back to School Week game 1.
Introduction of the "new" Clue Crew.

Contestants

[<< previous game]

Nicole Tantoco, a 12-year-old from San Ramon, California

William Marengo, an 11-year-old from the Bronx, New York

Katie Baxter, a 10-year-old from Glenside, Pennsylvania

[next game >>]

Jeopardy! Round responses

SUNDAY SCHOOL
ARTS & CRAFTS
THE AGE OF AQUARIUMS
STORY PROBLEMS
WHAT I DID ON SUMMER VACATION
RATED G
    $100 1
heaven

Nicole
    $100 11
a candle

Katie
    $100 26
freshwater

Katie
    $100 16
60 cents

Nicole
    $100 15
the Grand Canyon

William
    $100 4
Babe

William
    $200 2
an angel

Katie
    $200 12
dice

Katie
    $200 27
New Orleans

Nicole
    $200 17
30

William
    $200 18
Oahu

William
    $200 5
Toy Story

William
    $300 3
a trinity

William
    $300 13
(William: What are puka shells?)

a lei

WilliamNicole
    $300 28
penguins

Nicole
    $300 23
75

Nicole
    $1,900 19
(William: I'll make it a True Daily Double.)

Old Faithful

William
    $300 6
Pokémon

William
    $400 8
prophets

William
    $400 14
a football

William
    $400 29
a whale

Katie
    $400 24
(William: What is 48?)

32

WilliamNicole
    $400 20
Yosemite

Triple Stumper
    $400 7
Thomas the Tank Engine

Katie
    $500 10
a judge

Nicole
    $500 22
(Alex: We have a minute to go now.)

a snow globe

Nicole
    $500 30
a dolphin

Katie
    $500 25
12

Nicole
    $500 21
(Katie: What is the National History Museum?)
[Initially ruled incorrect; reversed before Double Jeopardy!]

the Museum of American History

Katie
    $500 9
Pinocchio

Katie

Scores at the first commercial break (after clue 15):

Katie William Nicole
$1,400 $1,500 $900

Scores at the end of the Jeopardy! Round:

Katie William Nicole
$2,900 $3,400 $3,200

Double Jeopardy! Round responses

CALIFORNIA SCIENCE CENTER
(Alex: We sent the Clue Crew out there. They had a lot of fun.)
FAST FOOD
(Alex: You guys will have a lot of fun with that.)
U.S. POSTAL ABBREVIATIONS
MAGAZINES
ON THE STAGE
RATED "G"
    $200 26
gravity

Triple Stumper
    $200 1
Jack in the Box

Nicole
    $200 16
Minnesota

William
    $200 21
rap (or hip-hop)

Triple Stumper
    $200 11
"Rumplestiltskin"

Nicole
    $200 4
Al Gore

William
    $400 27
(William: What are veins?)

the circulatory system

WilliamNicole
    $400 2
McDonald's

Triple Stumper
    $400 17
(Katie: [No response])

Maryland

KatieNicole
    $400 22
(Katie: What is cheese?)

cheerleading

KatieNicole
    $1,200 12
The Lion King

Nicole
    $400 5
Genesis

Katie
    $600 28
down

William
    $600 3
Wendy's

William
    $600 18
Maine

William
    $600 23
Mary-Kate & Ashley Olsen

Nicole
    $600 13
The Secret Garden

Nicole
    $600 8
Grimm

Nicole
    $800 29
line

Nicole
    $800 6
Burger King

Katie
    $800 19
Massachusetts

Katie
    $800 24
boyfriend

Nicole
    $800 14
a comic book

Nicole
    $800 9
(Alex: You drink a lot of it when you're playing ball, don't you?)

Gatorade

William
    $1000 30
tectonic plates

Nicole
    $1000 7
Arby's

Nicole
    $1000 20
(Katie: Missouri?)
(William: What is Mississippi?)

Michigan

KatieWilliamNicole
    $1000 25
(Alex: We have a minute to go.)

National Geographic

Nicole
    $1000 15
Beauty and the Beast

William
    $1000 10
a gigabyte

Nicole

Scores at the end of the Double Jeopardy! Round:

Katie William Nicole
$3,100 $6,000 $15,200
(lock game)

[wagering suggestions for these scores]

Final Jeopardy! Round responses

U.S. GEOGRAPHY
KatieWhat is TEXAS?
$3,100
WilliamWhat is Hawaii
$5,999
NicoleWhat is Florida??
$3,199
Alaska

Final scores:

Katie William Nicole
$0 $1 $12,001
3rd place: $5,000 2nd place: $5,000 Winner: $12,001

Game dynamics:

Coryat scores:

Katie William Nicole
$3,100 $4,400 $14,400
12 R,
3 W
17 R
(including 1 DD),
4 W
27 R
(including 2 DDs),
0 W

Combined Coryat: $21,900

The J! Archive is created by fans, for fans. The Jeopardy! game show and all elements thereof, including but not limited to copyright and trademark thereto, are the property of Jeopardy Productions, Inc. and are protected under law. This website is not affiliated with, sponsored by, or operated by Jeopardy Productions, Inc. Join the discussion at JBoard.tv.